000 02266nam0a2200361 4500
001 RU\NLR\bibl\1784002
005 20260409070234.0
010 _a978-5-88838-588-3
_9140
021 _aRU
_b2011-39322
_92803
035 _a(NLR Aleph) 001774738
090 _a1660070
_c1660070
100 _a20110630d2010 |||y0rusy50 ca
101 0 _arus
102 _aRU
105 _ay |||||||||
200 1 _aВеликий подвиг советского народа в Великой Отечественной войне (1941-1945 гг.)
_eматериалы Международной научной конференции, посвященной 65-й годовщине Победы в Великой Отечественной войне, 20 апреля 2010 г.
_f[редкол.: В.А. Лабузов, д.ист.н., проф. и др.]
210 _aОренбург
_cИздательский центр ОГАУ
_d2010
215 _a470, [1] c.
_d22
300 _aВ надзаг.: М-во образования Оренбургской обл., ФГОУ ВПО "Оренбургский гос. аграр. ун-т", Оренбургское отд-ние Академии воен.-ист. наук
320 _aБиблиогр. в примеч. в конце докл.
606 _aВеликая Отечественная война
_z1941 - 1945
_xГодовщины
_jСъезды, совещания и т.п
_3RU\NLR\AUTH\66187542
_91237240
606 1 _aВеликая Отечественная война
_jСъезды, совещания и т.п.
_z1941 - 1945
_9903571
_3RU\NLR\auth\668893
686 _aТ3(2)722я431
686 _aЦ35(2)722я431
702 1 _aЛабузов
_bВ. А.
_gВячеслав Александрович
_4340
711 1 2 _a"Великий подвиг советского народа в Великой Отечественной войне (1941 - 1945 гг.)", международная научная конференция
_f2010
_eОренбург
_3RU\NLR\AUTH\8810189714
_9870612
801 0 _aRU
_bNLR
_c20110630
_gRCR
801 1 _aRU
_bNLR
_c20110630
942 _cBOOK
980 _aNB